1520 1482 1045 1269 1538 1271 1202 1553 1511 1628 1067 1036 1675 1652 1798 1903 1647 1671 1293 1016 1678 1484 1357 1142 1273 1184 1232 1790 1266 1046 1459 1382 1334 1799 1994 1459 1102 1551 1982 1328 1463 1595 1733 1601 1827 1062 1598 1392 1497 1560 1004 1161 1962 1567 1405 1197 1406 1563 1176 1137 1813 1289 1644 1342 1872 1632 1920 1983 1505 1825 1443 1779 1813 1989 1505 1992 1326 1728 1962 1111 1972 1709 1537 1773 1241 1953 1619 1534 1072 1419 1648 1896 1691 1945 1694 1485 1800 1557 1886 BCNSPRNW ULIB Ver.6.0+V

เปลี่ยนเป็นภาษาไทย

Change to English
 แสดงรายละเอียดบรรณานุกรม
  กลับหน้าหลัก

Brief Record : Get Marc (ISO 2709) : E-mail record : QR code < ปิดหน้าต่าง
LEADER : 00000nam 2200000uu 4500
001    13399125509
003     ULIB
008    170616s2559||||th 000 0 tha d
020    ^a9786162712814
060 04 ^aWE141^bว896ธ
245 00 ^aเวชปฏิบัติออร์โธปิดิกส์ผู้ป่วยนอก =^bApproach to common orthopaedic problems /^cบรรณาธิการ; ธีระวิทย์ หงส์นภารักษ์, ปรเมศร์ สุวรรณโณ
246 31 ^aApproach to common orthopaedic problems
250    ^aพิมพ์ครั้งที่ 2
260    ^aสงขลา :^bภาควิชาศัลยศาสตร์ออร์โธปิดิกส์และกายภาพบำบัดคณะแพทยศาสตร์ มหาวิทยาลัยสงขลานครินทร์^c2559
300    ^a[10], 363 หน้า :^bภาพประกอบ ;^c22 ซม.
505 0  ^aBack pain in children ... Joint and limb pain in children ... Neck pain and shooting arm pain ... Shoulder pain Elbow pain ... Hand and wrist pain ... Low back pain and shooting leg pain ... Hip pain ... Knee pain ... Ankle pain ... Foot pain
650  2 ^aOrthopedics
650  7 ^aออร์โธปิดิคส์
650  7 ^aศัลยกรรมกระดูก^xการวินิจฉัย
700 0  ^aธีระวิทย์ หงส์นภารักษ์,^eบรรณาธิการ
700 0  ^aปรเมศร์ สุวรรณโณ,^eบรรณาธิการ
710 2  ^aมหาวิทยาลัยสงขลานครินทร์.^bคณะแพทยศาสตร์.^bภาควิชาศัลยศาสตร์ออร์โธปิดิกส์และกายภาพบำบัด
856    ^a^zTable of Content (Content)^uhttp://118.174.31.60:80/ULIB//_fulltext/Content/129010/20160404131052_3289.pdf
945    ^p0^l0^i002322
945    ^p0^l0^i002323
945    ^p0^l0^i002324
999    ^aวรรณษา ชูชัยมงคล
รายการนี้ยังไม่มีแท็ก
คุณยังไม่ได้ล็อกอิน คุณสามารถมีกิจกรรมร่วมกับเว็บไซต์ได้ แต่ต้องล็อกอินก่อน ::
  ล็อกอิน

รายการสื่อสารสนเทศ

ลำดับที่ ประเภท เลขเรียก/บาร์โค้ด สถานที่ สถานะ
1. วิทยาศาสตร์การแพทย์ และสุขภาพ
วิทยาศาสตร์การแพทย์ และสุขภาพ
สถานะ=หนังสือเก่า
WE141 ว896ธ ฉ.1 
  Barcode: 002322
ห้องสมุดวิทยาเขตสวรรค์ประชารักษ์
►ส่วนจัดเก็บหนังสือเก่า สปร
บนชั้น
  ขอยืม
2. วิทยาศาสตร์การแพทย์ และสุขภาพ
วิทยาศาสตร์การแพทย์ และสุขภาพ
สถานะ=หนังสือเก่า
WE141 ว896ธ ฉ.2 
  Barcode: 002323
ห้องสมุดวิทยาเขตสวรรค์ประชารักษ์
►ส่วนจัดเก็บหนังสือเก่า สปร
บนชั้น
  ขอยืม
3. วิทยาศาสตร์การแพทย์ และสุขภาพ
วิทยาศาสตร์การแพทย์ และสุขภาพ
สถานะ=หนังสือเก่า
WE141 ว896ธ ฉ.3 
  Barcode: 002324
ห้องสมุดวิทยาเขตสวรรค์ประชารักษ์
►ส่วนจัดเก็บหนังสือเก่า สปร
บนชั้น
  ขอยืม

รายการใกล้เคียง
    หัวเรื่อง [Orthopedics]
    หัวเรื่อง [ออร์โธปิดิคส์]

BibComment


ยังไม่เคยถูกคอมเมนท์

คอมเมนท์ทรัพยากรรายการนี้
  คอมเมนท์: เวชปฏิบัติออร์โธ..


 Copyright 2026. Bcnsprnw @Library